000 00538nam a2200181Ia 4500
005 20250923144351.0
008 008 250917s9999 xx 000 0 eng d
037 _aTextual
040 _aDSWL
_beng
_cDSWL
041 _aeng
_2eng
084 _aYX,Z1, N50;1
_qDSWL
100 _aFrederickson, Hazel
_9824165
245 0 _aChild and his welfare
_cby Hazel Frederickson
260 _aSt. Francisco
_bFrancisco Freeman
_c1950
300 _a318 p.
942 _cTEXL
_hYX,Z1, N50;1
999 _c1437973
_d1437973